Statistics for Name the Country!

Click here to take the quiz!

General Stats

  • This quiz has been taken 26 times
  • The average score is 6 of 10

Answer Stats

HintAnswer% Correct
To be the biggest country on the island of HispaniolaDominican Republic
96%
To have the most World Cup winsBrazil
92%
To be the biggest countryRussia
92%
To border Singapore by bridgeMalaysia
84%
To have the 4th biggest populationIndonesia
68%
To have the city of ShirazIran
68%
To have Lake BalatonHungary
56%
To have the mountain LhotseChina
36%
To have the most OFFICIAL languagesBolivia
20%
To have the smallest National ParkSeychelles
12%

Score Distribution

Percentile by Number Answered

Percent of People with Each Score

Your Score History

You have not taken this quiz